header

Reinventing Jerusalem (Record no. 124506)

MARC details
000 -LEADER
fixed length control field 01637nam a2200361Ia 4500
082 04 - DEWEY DECIMAL CLASSIFICATION NUMBER
Classification number 307.34160956944
100 1# - MAIN ENTRY--AUTHOR NAME
Personal name Ricca, Simone.
245 10 - TITLE STATEMENT
Title Reinventing Jerusalem
260 ## - PUBLICATION, DISTRIBUTION, ETC. (IMPRINT)
Place of publication London :
Name of publisher I.B. Tauris,
Year of publication 2007.
300 ## - PHYSICAL DESCRIPTION
Number of Pages xiii, 258 p., [8] p. of plates :
Other physical details col. ill., maps.
490 1# - SERIES STATEMENT
Series statement Library of modern Middle East studies ;
650 #0 - SUBJECT ADDED ENTRY--TOPICAL TERM
Topical Term Buildings
Topical Term City planning
Topical Term Urban renewal
856 40 - ELECTRONIC LOCATION AND ACCESS
Uniform Resource Identifier http://site.ebrary.com/lib/rucke/Doc?id=10209735

No items available.

© 2026 Rongo University
Contact us: librarian | system librarian | Rongo university